Normal view
MARC view
Entry Personal Name
001 - CONTROL NUMBER
- control field: 60920
003 - CONTROL NUMBER IDENTIFIER
- control field: OSt
005 - DATE AND TIME OF LATEST TRANSACTION
- control field: 20160531105104.0
008 - FIXED-LENGTH DATA ELEMENTS
- fixed length control field: 160531|| aca||aabn | a|a d
040 ## - CATALOGING SOURCE
- Original cataloging agency: OSt
- Transcribing agency: OSt
100 ## - HEADING--PERSONAL NAME
- Personal name: गूप्त, तनसुखराम
670 ## - SOURCE DATA FOUND
- Source citation: Work cat.: (OSt)48094: गूप्त, तनसुखराम , देश-भक्ति की सच्ची कहानियॉ , 2011









